Zákon č. 222/2004 Z.z. zo 6. apríla 2004 o dani z pridanej hodnoty v znení ...
Zákon č. 222/2004 Z.z. o dani z pridanej hodnoty v znení ďalších zákonov a zákona č. .../2005 Z.z. z 27. októbra 2005. Úplné znenie zákona. Dôvodová správa k novelizácii zákona.
Gespeichert in:
| Format: | Buchkapitel |
|---|---|
| Sprache: | Slowakisch |
| Schlagworte: | |
| Tags: |
Keine Tags, Fügen Sie das erste Tag hinzu!
|
MARC
| LEADER | 00000naa$a2200000$$$4500 | ||
|---|---|---|---|
| 001 | 0037558 | ||
| 005 | 20231106071709.3 | ||
| 041 | 0 | |a slo | |
| 044 | |a SK | ||
| 245 | 1 | 0 | |a Zákon č. 222/2004 Z.z. zo 6. apríla 2004 o dani z pridanej hodnoty v znení ... |
| 520 | |a Zákon č. 222/2004 Z.z. o dani z pridanej hodnoty v znení ďalších zákonov a zákona č. .../2005 Z.z. z 27. októbra 2005. Úplné znenie zákona. Dôvodová správa k novelizácii zákona. | ||
| 610 | 2 | 0 | |a dane z hodnoty pridanej |
| 610 | 2 | 0 | |a zákony |
| 610 | 2 | 0 | |a Slovensko |
| 610 | 2 | 0 | |a novelizácia |
| 610 | 2 | 0 | |a správy dôvodové |
| 610 | 2 | 0 | |a 2004-2005 |